[Event "GER-ch U16 Girls"]
[Site "Willingen"]
[Date "2022.06.05"]
[Round "1"]
[White "Sereda, Yaroslava"]
[Black "Racky, Selina"]
[Result "1-0"]
[WhiteElo "1698"]
[BlackElo "1424"]
[PlyCount "92"]
[EventDate "2022.06.04"]
[EventType "swiss"]
[EventRounds "9"]
[EventCountry "GER"]
[SourceTitle "CBM 208 Extra"]
[Source "ChessBase"]
[SourceDate "2022.07.31"]
[SourceVersion "1"]
[SourceVersionDate "2022.07.31"]
[SourceQuality "1"]

1. e4 c6 2. d4 d5 3. Nc3 dxe4 4. Nxe4 Nd7 5. Nf3 Ngf6 6. Nxf6+ Nxf6 7. Bc4 e6 8. 0-0 Be7 9. c3 h6 10. Re1 0-0 11. Bb3 b5 12. Ne5 Qc7 13. Qd3 Nd5 14. Bc2 f5 15. Qg3 Rf6 16. b3 Bd6 17. c4 Ne7 18. Bf4 Qd8 19. Rad1 Qe8 20. Ng4 Rg6 21. Bxd6 Rxg4 22. Qf3 Rg5 23. cxb5 Bb7 24. Bxe7 Qxe7 25. bxc6 Ba6 26. Bxf5 Rf8 27. Bxe6+ Kh8 28. Qe3 Qd6 29. Rc1 Qc7 30. d5 Rd8 31. Qf3 Rg6 32. Qf7 Qxf7 33. Bxf7 Rf6 34. Be6 Bc8 35. Bxc8 Rxc8 36. Re7 Rd6 37. Rxa7 Rxd5 38. c7 Kg8 39. Rb7 Kh7 40. h3 Rd7 41. a4 Kg6 42. Rb6+ Kf7 43. Rbc6 Ke7 44. b4 Rd6 45. Rxd6 Kxd6 46. b5 Kd5 1-0